000 01029nam0a22002411 4500
001 rc\2599434
005 20250623130556.0
035 _a(NLR Aleph) 006763530
090 _a5869588
_c5869588
100 _a20110914d1930 |||y0rusy50 ca
101 0 _arus
102 _aRU
105 _ay z |||||
200 1 _aЛицом к производству. Шире фронт соцсоревнования и ударничества
_e(Решения XVI съезда профсоюзов Евпатор. района 16-20 июля 1930 г.)
210 _aЕвпатория
_c6-я гостип. "Крымполиграфтреста"
_d1930
215 _a34, [1] с. "Оглавление" на обл.
_d20х14 см.
300 _aБез тит. л. Описано по обложке
710 1 2 _aЕвпаторийский районный съезд профессиональных союзов
_d16
_f1930
801 0 _aRU
_bNLR
_gpsbo
801 1 _aRU
_bELAR
_2rusmarc
852 _aNLR
_j30.10/4074
942 _cBOOK
980 _aNB